00564nam a2200145 a 4500008004100000050001400041100002900055245002900084260003400113300002300147350000900170995009200179999001700271952013000288120416s1967 ||||||||||||||||| || u aQC 73 Har aHarrison, George Russell14aThe first book of energy aLondonbGrolier Societyc1967 a(viii), 81p. : ill a0.00 D0.00FCBU-MAIN LIBRARY (Kitwe)H1I1.67UAVAILABLEZMain Library Open Access Collection c43541d43541 00102lcc4070a001b001cMain Library Open Access Collectiond2022-11-30l0oQC 73 Harp012136r2022-11-30w2022-11-30y002